[Event "BL 1718 SF Deizisau - SK Schwäbisch Ha"]
[Site "?"]
[Date "2018.04.30"]
[Round "14.1"]
[White "Inarkiev, Ernesto"]
[Black "Leko, Peter"]
[Result "1/2-1/2"]
[WhiteElo "2686"]
[BlackElo "2691"]
[PlyCount "109"]
[EventDate "2018.??.??"]
[EventType "team-tourn"]

1. c4 c5 2. Nf3 Nf6 3. Nc3 Nc6 4. d4 cxd4 5. Nxd4 e6 6. g3 Qb6 7. Ndb5 Ne5 8.
Bg2 a6 9. Qa4 Rb8 10. Na3 Bc5 11. O-O Neg4 12. e3 O-O 13. Rb1 Be7 14. b4 Qc7
15. Bb2 d6 16. Rbc1 b6 17. Qd1 Bb7 18. e4 Rbc8 19. Qe2 Ne5 20. Ncb1 Qb8 21. Nd2
Rfe8 22. Nc2 Qa8 23. a3 h6 24. f4 Ned7 25. Nd4 Bf8 26. Rf2 e5 27. Nf5 g6 28.
fxe5 dxe5 29. Ne3 a5 30. Rcf1 axb4 31. axb4 Bg7 32. Nd5 Bxd5 33. exd5 Qa2 34.
Ne4 Nxe4 35. Bxe4 f5 36. Bd3 Qb3 37. g4 e4 38. Bb1 e3 39. Rg2 Qxb2 40. Qxb2
Bxb2 41. Rxb2 Ne5 42. d6 fxg4 43. Bxg6 Nf3+ 44. Rxf3 gxf3 45. Bxe8 Rxe8 46. d7
Rd8 47. Rb3 e2 48. Kf2 Rxd7 49. Rxf3 Re7 50. Ke1 Re4 51. Rc3 Kf7 52. Rc2 Rh4
53. c5 bxc5 54. bxc5 Rxh2 55. Rxe2 1/2-1/2

[Event "BL 1718 SF Deizisau - SK Schwäbisch Ha"]
[Site "?"]
[Date "2018.04.30"]
[Round "14.2"]
[White "Bluebaum, Matthias"]
[Black "Laznicka, Viktor"]
[Result "0-1"]
[WhiteElo "2633"]
[BlackElo "2671"]
[PlyCount "90"]
[EventDate "2018.??.??"]
[EventType "team-tourn"]

1. d4 d5 2. c4 c6 3. Nc3 Nf6 4. e3 a6 5. Qc2 b5 6. b3 Bg4 7. Nge2 Bh5 8. Nf4
Bg6 9. Nxg6 hxg6 10. Be2 Nbd7 11. h3 e6 12. O-O Be7 13. a3 O-O 14. Bb2 Qc7 15.
Rac1 Rac8 16. Bd3 Qb8 17. Qe2 Rfe8 18. cxd5 exd5 19. Qf3 Nf8 20. g3 Ne6 21. h4
Bd6 22. Kg2 a5 23. Rc2 Rc7 24. Rfc1 Qd8 25. a4 b4 26. Nb1 g5 27. hxg5 Nxg5 28.
Qf5 Nge4 29. Rxc6 Nxg3 30. Qh3 Rxc6 31. Rxc6 Nge4 32. f3 Ng5 33. Qf5 Ne6 34.
Bc1 Bb8 35. Bb5 g6 36. Qc2 Kg7 37. Nd2 Nh5 38. Nf1 Qg5+ 39. Kf2 Qh4+ 40. Kg1
Ng5 41. Qg2 Nh3+ 42. Kh1 Bg3 43. Nh2 Bxh2 44. Qxh2 Qe1+ 45. Kg2 Qf2+ 0-1

[Event "BL 1718 SF Deizisau - SK Schwäbisch Ha"]
[Site "?"]
[Date "2018.04.30"]
[Round "14.3"]
[White "Cornette, Matthieu"]
[Black "Meier, Georg"]
[Result "1/2-1/2"]
[WhiteElo "2600"]
[BlackElo "2634"]
[PlyCount "41"]
[EventDate "2018.??.??"]
[EventType "team-tourn"]

1. e4 e6 2. d4 d5 3. exd5 exd5 4. Nf3 c6 5. Bd3 Bd6 6. O-O Ne7 7. c4 O-O 8. Nc3
dxc4 9. Bxc4 Nd7 10. h3 Nb6 11. Bb3 Nbd5 12. Re1 Bf5 13. Bg5 f6 14. Bd2 Qd7 15.
Ne4 Bxe4 16. Rxe4 Rfe8 17. Qe2 Ng6 18. Re1 Kf7 19. Rxe8 Rxe8 20. Qxe8+ Qxe8 21.
Rxe8 1/2-1/2

[Event "BL 1718 SF Deizisau - SK Schwäbisch Ha"]
[Site "?"]
[Date "2018.04.30"]
[Round "14.4"]
[White "Lagarde, Maxime"]
[Black "Michalik, Peter"]
[Result "1-0"]
[WhiteElo "2604"]
[BlackElo "2560"]
[PlyCount "57"]
[EventDate "2018.??.??"]
[EventType "team-tourn"]

1. e4 e5 2. Nf3 Nf6 3. Nxe5 d6 4. Nf3 Nxe4 5. Nc3 Nxc3 6. dxc3 Be7 7. Be3 O-O
8. Qd2 Nd7 9. O-O-O Nf6 10. c4 c5 11. Bd3 b5 12. cxb5 a6 13. b6 Qxb6 14. c4 d5
15. cxd5 Nxd5 16. Bxh7+ Kxh7 17. Qc2+ Kg8 18. Rxd5 Rb8 19. Rhd1 Bb7 20. Ng5 g6
21. Rd7 Qf6 22. h4 Bc6 23. Rxe7 Qxe7 24. Bxc5 Qf6 25. Rd6 Qf4+ 26. Kb1 Qxh4 27.
Rxg6+ fxg6 28. Qxg6+ Kh8 29. Bd4+ 1-0

[Event "BL 1718 SF Deizisau - SK Schwäbisch Ha"]
[Site "?"]
[Date "2018.04.30"]
[Round "14.5"]
[White "Womacka, Mathias"]
[Black "Heimann, Andreas"]
[Result "1/2-1/2"]
[WhiteElo "2443"]
[BlackElo "2589"]
[PlyCount "40"]
[EventDate "2018.??.??"]
[EventType "team-tourn"]

1. e4 e5 2. Nf3 Nc6 3. Bb5 a6 4. Bxc6 dxc6 5. O-O Bg4 6. h3 h5 7. d3 Qf6 8.
Nbd2 g5 9. Nc4 Bxf3 10. Qxf3 Qxf3 11. gxf3 f6 12. Be3 Ne7 13. d4 exd4 14. Bxd4
Kf7 15. Rfd1 Ng6 16. Be3 Be7 17. Na5 Rab8 18. Ba7 Ra8 19. Be3 Rab8 20. Ba7 Ra8
1/2-1/2

[Event "BL 1718 SF Deizisau - SK Schwäbisch Ha"]
[Site "?"]
[Date "2018.04.30"]
[Round "14.6"]
[White "Keymer, Vincent"]
[Black "Raykhman, Alexander"]
[Result "1/2-1/2"]
[WhiteElo "2443"]
[BlackElo "2388"]
[PlyCount "179"]
[EventDate "2018.??.??"]
[EventType "team-tourn"]

1. c4 g6 2. Nc3 Bg7 3. Nf3 d6 4. d4 e5 5. e4 Nc6 6. dxe5 dxe5 7. Qxd8+ Kxd8 8.
Bg5+ f6 9. O-O-O+ Bd7 10. Be3 Bh6 11. c5 Bxe3+ 12. fxe3 Nge7 13. Bc4 Ke8 14.
Rhf1 Nd8 15. Nd5 Nxd5 16. exd5 Ke7 17. Nd2 Bg4 18. Rde1 Bf5 19. h3 h5 20. e4
Bd7 21. d6+ cxd6 22. cxd6+ Kxd6 23. Rxf6+ Ke7 24. Rxg6 Ne6 25. Bd5 Rag8 26.
Rxg8 Rxg8 27. Bxe6 Bxe6 28. Re2 Rc8+ 29. Kb1 Rf8 30. b3 Bd7 31. Nf3 Bxh3 32.
Nxe5 Rf1+ 33. Kb2 Be6 34. Nd3 Bd7 35. Nb4 Ke6 36. Kc3 Bb5 37. Rd2 Rg1 38. Kd4
h4 39. Nc2 Bc6 40. Ne3 Re1 41. Rf2 Ra1 42. e5 Ke7 43. b4 a6 44. Nf5+ Ke6 45.
Ng7+ Ke7 46. e6 Re1 47. Rf7+ Kd6 48. e7 Bd7 49. e8=Q Bxe8 50. Nxe8+ Rxe8 51.
Rxb7 Kc6 52. Rg7 Kb5 53. a3 Rh8 54. Rg5+ Kb6 55. Rg6+ Kb5 56. Kc3 Re8 57. Rg5+
Kb6 58. a4 Re4 59. Rg6+ Kb7 60. Rg7+ Kb8 61. a5 Rf4 62. Rd7 Rg4 63. Rd4 Rxg2
64. Rxh4 Rg5 65. Kc4 Kb7 66. Rh7+ Kb8 67. Rd7 Rh5 68. Rd5 Rh4+ 69. Kc5 Kb7 70.
Rd7+ Kb8 71. Rd4 Rh6 72. Rd6 Rh5+ 73. Kb6 Rb5+ 74. Kxa6 Rxb4 75. Rh6 Rb1 76.
Rh8+ Kc7 77. Ka7 Rb5 78. a6 Rg5 79. Ka8 Ra5 80. Rh7+ Kb6 81. a7 Rg5 82. Rh6+
Kc7 83. Rh8 Rb5 84. Rb8 Rg5 85. Rb7+ Kc6 86. Rb1 Rg8+ 87. Rb8 Rg1 88. Rc8+ Kd7
89. Rc4 Rb1 90. Rd4+ 1/2-1/2

[Event "BL 1718 SF Deizisau - SK Schwäbisch Ha"]
[Site "?"]
[Date "2018.04.30"]
[Round "14.7"]
[White "Zeller, Frank"]
[Black "Demuth, Adrien"]
[Result "1/2-1/2"]
[WhiteElo "2360"]
[BlackElo "2542"]
[PlyCount "40"]
[EventDate "2018.??.??"]
[EventType "team-tourn"]

1. e4 c5 2. Nf3 d6 3. d4 cxd4 4. Nxd4 Nf6 5. Nc3 Nc6 6. Bc4 e6 7. Be3 a6 8. f4
Qc7 9. Bb3 Na5 10. Qf3 b5 11. f5 e5 12. Nde2 Bb7 13. O-O Be7 14. Rad1 Nxb3 15.
cxb3 b4 16. Nd5 Nxd5 17. exd5 O-O 18. Qg4 f6 19. Qxb4 a5 20. Qd2 a4 1/2-1/2

[Event "BL 1718 SF Deizisau - SK Schwäbisch Ha"]
[Site "?"]
[Date "2018.04.30"]
[Round "14.8"]
[White "Schlosser, Philipp"]
[Black "Zpevak, Pavel"]
[Result "1-0"]
[WhiteElo "2510"]
[BlackElo "2339"]
[PlyCount "125"]
[EventDate "2018.??.??"]
[EventType "team-tourn"]

1. Nf3 d5 2. g3 c6 3. Bg2 Bg4 4. O-O Nd7 5. d3 Ngf6 6. Nbd2 e5 7. e4 Bd6 8. h3
Bh5 9. exd5 cxd5 10. c4 O-O 11. cxd5 Nxd5 12. Ne4 N7b6 13. Qb3 Re8 14. d4 exd4
15. Nxd6 Qxd6 16. Nxd4 Qc5 17. Nf5 Bg6 18. Be3 Nxe3 19. Nxe3 Be4 20. Rfc1 Qe7
21. Bxe4 Qxe4 22. Rc7 Re7 23. Rxe7 Qxe7 24. a4 Rd8 25. a5 Na8 26. Rc1 h6 27.
Qc4 a6 28. b4 Kh7 29. h4 h5 30. Qf4 g6 31. Kg2 Rd6 32. Rc8 Nc7 33. Qf3 Nb5 34.
Rb8 Nd4 35. Rxb7 Rd7 36. Rxd7 Qxd7 37. Qd5 Qa7 38. Kf1 Kg7 39. Ke1 Kf8 40. Kd2
Ne6 41. Kc3 Qc7+ 42. Nc4 Qa7 43. Qd6+ Kg7 44. Nb6 Qb7 45. Qe5+ Kh7 46. Qd5 Qc7+
47. Nc4 Qa7 48. Ne3 Qc7+ 49. Kd2 Qe7 50. Qc4 Qd6+ 51. Ke2 Kg7 52. Kf1 Nc7 53.
Kg2 Kg8 54. Nc2 Nb5 55. Ne1 Kg7 56. Nf3 Nc7 57. Qd4+ Qxd4 58. Nxd4 Kf6 59. f4
Nd5 60. b5 axb5 61. Nxb5 Nb4 62. Nc7 Ke7 63. a6 1-0

[Event "BL 1718 Speyer-Schwegenheim - OSG Baden"]
[Site "?"]
[Date "2018.04.30"]
[Round "14.1"]
[White "Aronian, Levon"]
[Black "Oleksiyenko, Mykhaylo"]
[Result "1-0"]
[WhiteElo "2764"]
[BlackElo "2605"]
[PlyCount "79"]
[EventDate "2018.??.??"]
[EventType "team-tourn"]

1. d4 d5 2. c4 e6 3. Nf3 Nf6 4. Nc3 a6 5. cxd5 exd5 6. Bg5 Be6 7. e3 Nbd7 8.
Bd3 Bd6 9. Bf4 Qe7 10. O-O O-O 11. h3 c6 12. Qc2 Rfe8 13. Rae1 g6 14. Bg5 Qf8
15. a3 Rac8 16. b4 b5 17. Nd2 Nh5 18. Nb3 h6 19. Bh4 g5 20. Qd1 Ng7 21. Bg3 f5
22. Bxd6 Qxd6 23. Nc5 Nxc5 24. dxc5 Qe5 25. Ne2 Bd7 26. Nd4 Re7 27. a4 Rce8 28.
Bc2 h5 29. axb5 axb5 30. Qd3 g4 31. hxg4 hxg4 32. g3 Ra8 33. Ra1 Ree8 34. Qc3
Qe7 35. Kg2 Kf7 36. Rh1 Qf6 37. Rh7 Rxa1 38. Qxa1 Kg8 39. Qh1 Qg5 40. Rh6 1-0

[Event "BL 1718 Speyer-Schwegenheim - OSG Baden"]
[Site "?"]
[Date "2018.04.30"]
[Round "14.3"]
[White "Wojtaszek, Radoslaw"]
[Black "Yankelevich, Lev"]
[Result "1-0"]
[WhiteElo "2750"]
[BlackElo "2413"]
[PlyCount "69"]
[EventDate "2018.??.??"]
[EventType "team-tourn"]

1. Nf3 Nf6 2. c4 g6 3. Nc3 d5 4. cxd5 Nxd5 5. h4 Bg7 6. e4 Nxc3 7. dxc3 Qxd1+
8. Kxd1 Nd7 9. Nd4 c5 10. Nb3 b6 11. Kc2 Bb7 12. f3 O-O 13. h5 Ne5 14. h6 Bh8
15. Bg5 Bf6 16. Be3 c4 17. Nd2 b5 18. a4 a6 19. f4 Ng4 20. Bb6 e5 21. Be2 Bc8
22. axb5 exf4 23. Nxc4 Be7 24. Bd4 Bb7 25. Bxg4 Bxe4+ 26. Kd2 axb5 27. Nb6 Rxa1
28. Rxa1 Bxg2 29. Nd7 Rd8 30. Bb6 Re8 31. Re1 f5 32. Bd1 Bd5 33. Re5 Bf7 34.
Bd4 Bg5 35. Nf6+ 1-0

[Event "BL 1718 Speyer-Schwegenheim - OSG Baden"]
[Site "?"]
[Date "2018.04.30"]
[Round "14.5"]
[White "Bacrot, Etienne"]
[Black "Farmani Anosheh, Armin"]
[Result "1-0"]
[WhiteElo "2714"]
[BlackElo "2326"]
[PlyCount "143"]
[EventDate "2018.??.??"]
[EventType "team-tourn"]

1. Nf3 c5 2. e4 Nc6 3. Nc3 e5 4. Bc4 Be7 5. d3 Nf6 6. Nd2 d6 7. Nf1 Bg4 8. f3
Be6 9. Ne3 O-O 10. O-O Nh5 11. g3 Bg5 12. Ncd5 Bxe3+ 13. Bxe3 Na5 14. a4 Nxc4
15. dxc4 Bxd5 16. Qxd5 Qe7 17. Rfd1 Rad8 18. Ra3 Nf6 19. Qd2 Rd7 20. Rd3 Rfd8
21. a5 h6 22. g4 b6 23. Rb3 bxa5 24. Ra3 Nh7 25. Rxa5 Ng5 26. Bxg5 hxg5 27. b3
g6 28. Ra6 Kg7 29. Kg2 Qf6 30. Rda1 Rh8 31. Rxa7 Rdd8 32. Qe3 Rh4 33. Ra8 Rhh8
34. Rxd8 Qxd8 35. Qd2 Qf6 36. Ra6 Rd8 37. Ra1 Qe7 38. Rd1 Qf6 39. h3 Qe7 40. b4
cxb4 41. Qxb4 Qc7 42. Rd5 Rc8 43. c5 dxc5 44. Qc3 Kf6 45. Qd2 c4 46. h4 gxh4
47. Qh6 Ke6 48. Qg7 Rd8 49. g5 Rxd5 50. Qf6+ Kd7 51. Qxf7+ Kd8 52. Qxd5+ Ke7
53. Kh3 c3 54. Kxh4 Kf8 55. Kh3 Kg7 56. Kg3 Kh7 57. Qd3 Qc5 58. Qd7+ Kh8 59.
Kg2 Qd4 60. Qe8+ Kg7 61. Qe7+ Kg8 62. Qe6+ Kg7 63. Qf6+ Kh7 64. Qf7+ Kh8 65.
Qf8+ Kh7 66. Qh6+ Kg8 67. Qxg6+ Kh8 68. Qh5+ Kg7 69. g6 Qd2+ 70. Kh3 Qd1 71.
Kg4 Qd7+ 72. Qf5 1-0

[Event "BL 1718 Speyer-Schwegenheim - OSG Baden"]
[Site "?"]
[Date "2018.04.30"]
[Round "14.6"]
[White "Commercon, Simon"]
[Black "Naiditsch, Arkadij"]
[Result "0-1"]
[WhiteElo "2262"]
[BlackElo "2697"]
[PlyCount "90"]
[EventDate "2018.??.??"]
[EventType "team-tourn"]

1. c4 Nf6 2. Nc3 e5 3. Nf3 Nc6 4. e3 Bb4 5. Qc2 O-O 6. Be2 Re8 7. b3 e4 8. Ng5
d5 9. cxd5 Bxc3 10. dxc3 Qxd5 11. h4 Ne5 12. c4 Qd6 13. Nxe4 Nxe4 14. Qxe4 Bg4
15. Qd5 Qf6 16. Bb2 Rad8 17. Bxe5 Rxe5 18. Qxd8+ Qxd8 19. Bxg4 f5 20. Rd1 Qe7
21. Bf3 f4 22. e4 h5 23. Rh3 c6 24. Ke2 a5 25. Rd2 a4 26. Kd3 Qa3 27. Bd1 b5
28. cxb5 cxb5 29. Ke2 Rxe4+ 30. Kf1 Qe7 31. Re2 a3 32. Rd3 Rxe2 33. Bxe2 Qxh4
34. Bf3 b4 35. Rd2 g5 36. Ke2 g4 37. Bd5+ Kg7 38. Rd4 Qe7+ 39. Kd3 Qe1 40. Rxf4
Qb1+ 41. Kd4 Qxa2 42. Ke5 Qe2+ 43. Kd6 Qa6+ 44. Ke5 a2 45. Rf7+ Kg6 0-1

[Event "BL 1718 Speyer-Schwegenheim - OSG Baden"]
[Site "?"]
[Date "2018.04.30"]
[Round "14.7"]
[White "Movsesian, Sergei"]
[Black "Kraemer, Enrico"]
[Result "1-0"]
[WhiteElo "2630"]
[BlackElo "2191"]
[PlyCount "43"]
[EventDate "2018.??.??"]
[EventType "team-tourn"]

1. e4 c5 2. Nc3 Nc6 3. Bb5 Nd4 4. Bc4 e6 5. Nge2 g6 6. Nxd4 cxd4 7. Nb5 e5 8.
Qf3 f6 9. Qb3 Nh6 10. c3 a6 11. Na3 Bxa3 12. bxa3 Qe7 13. cxd4 Nf7 14. dxe5
fxe5 15. O-O d6 16. Bd5 g5 17. d4 O-O 18. dxe5 dxe5 19. Bb2 Re8 20. f4 gxf4 21.
Bxe5 Be6 22. Bxf4 1-0

[Event "BL 1718 Speyer-Schwegenheim - OSG Baden"]
[Site "?"]
[Date "2018.04.30"]
[Round "14.8"]
[White "Mager, Denis"]
[Black "Gustafsson, Jan"]
[Result "1/2-1/2"]
[WhiteElo "2268"]
[BlackElo "2635"]
[PlyCount "89"]
[EventDate "2018.??.??"]
[EventType "team-tourn"]

1. c4 Nf6 2. Nc3 e6 3. e4 d5 4. e5 d4 5. exf6 dxc3 6. bxc3 Qxf6 7. d4 b6 8. Nf3
Bb7 9. Be2 Bd6 10. Qc2 Qg6 11. Qxg6 hxg6 12. h3 Nd7 13. O-O O-O 14. Be3 Nf6 15.
Ng5 Rfd8 16. Rfd1 Rac8 17. Rd2 c5 18. Kf1 Be7 19. Rad1 Kf8 20. h4 Rd7 21. g3
cxd4 22. cxd4 Ba6 23. c5 Bxe2+ 24. Kxe2 Nd5 25. Rc1 Nxe3 26. fxe3 bxc5 27. Rdc2
Rdc7 28. Rc4 Bd6 29. Ne4 Ke7 30. dxc5 Be5 31. Kf3 Rd8 32. Nd6 a6 33. Rb1 Kf8
34. Ne4 Rd3 35. a4 Ke7 36. Rb6 a5 37. c6 Bd6 38. Nc3 Be5 39. Nb5 Rc8 40. Rb7+
Ke8 41. c7 Rd7 42. Ra7 Ke7 43. Rxa5 Bxc7 44. Ra7 Bb8 45. Rxc8 1/2-1/2

[Event "BL 1718 SV Hofheim - SV Hockenheim"]
[Site "?"]
[Date "2018.04.30"]
[Round "14.1"]
[White "Tomashevsky, Evgeny"]
[Black "Schroeder, Jan-Christian"]
[Result "1/2-1/2"]
[WhiteElo "2714"]
[BlackElo "2563"]
[PlyCount "40"]
[EventDate "2018.??.??"]
[EventType "team-tourn"]

1. Nf3 d5 2. d4 Nf6 3. e3 e6 4. Bd3 c5 5. b3 Nc6 6. Bb2 Bd6 7. O-O O-O 8. Nbd2
cxd4 9. exd4 b6 10. a3 Bb7 11. Qe2 Ne7 12. Ne5 Rc8 13. Rfe1 Ng6 14. g3 Qe7 15.
f3 Rc7 16. Nf1 Rfc8 17. Ne3 Bxe5 18. dxe5 Nd7 19. f4 Nc5 20. Bd4 Nxd3 1/2-1/2

[Event "BL 1718 SV Hofheim - SV Hockenheim"]
[Site "?"]
[Date "2018.04.30"]
[Round "14.2"]
[White "Perske, Thore"]
[Black "Howell, David W L"]
[Result "1-0"]
[WhiteElo "2451"]
[BlackElo "2701"]
[PlyCount "125"]
[EventDate "2018.??.??"]
[EventType "team-tourn"]

1. e4 e5 2. Nf3 Nc6 3. Bb5 a6 4. Ba4 Nf6 5. O-O Be7 6. d3 b5 7. Bb3 d6 8. a3
Na5 9. Ba2 c5 10. Nc3 Be6 11. Bxe6 fxe6 12. Ne2 O-O 13. Ng3 Nd7 14. a4 b4 15.
h3 Kh8 16. Qe2 Rb8 17. Be3 d5 18. Nh2 d4 19. Bd2 c4 20. dxc4 Nc6 21. b3 Nc5 22.
Rab1 d3 23. cxd3 Nd4 24. Qd1 Nxd3 25. Be3 Nc5 26. Ng4 Ndxb3 27. Nxe5 Qc7 28. f4
Na5 29. Qh5 Kg8 30. Kh1 Bd6 31. Bxc5 Bxc5 32. Nd7 Qxd7 33. Qxc5 Nc6 34. Rfd1
Qe8 35. f5 Rc8 36. fxe6 Qxe6 37. Rd6 Qe8 38. Qd5+ Rf7 39. Re6 Ne7 40. Qe5 Qd7
41. Rxa6 Qd3 42. Rxb4 Ng6 43. Qd6 Qc3 44. Nf5 Qe1+ 45. Kh2 Qxe4 46. Ng3 Qc2 47.
Rb8 Rxb8 48. Qxb8+ Nf8 49. Ra7 Rf2 50. Qb7 Qg6 51. a5 h6 52. a6 Ne6 53. Ra8+
Kh7 54. a7 Nf4 55. Rf8 Ne2 56. Rh8+ Kxh8 57. a8=Q+ Kh7 58. Qe4 Nf4 59. Qxg6+
Kxg6 60. Qe4+ Kf7 61. Kg1 Rxg2+ 62. Kf1 g5 63. Nh5 1-0

[Event "BL 1718 SV Hofheim - SV Hockenheim"]
[Site "?"]
[Date "2018.04.30"]
[Round "14.3"]
[White "Wagner, Dennis"]
[Black "Lobzhanidze, Davit"]
[Result "1-0"]
[WhiteElo "2567"]
[BlackElo "2425"]
[PlyCount "117"]
[EventDate "2018.??.??"]
[EventType "team-tourn"]

1. e4 e5 2. Nf3 Nc6 3. Bb5 a6 4. Ba4 Nf6 5. O-O Be7 6. Re1 b5 7. Bb3 d6 8. c3
O-O 9. h3 Nb8 10. d4 Nbd7 11. c4 c6 12. Nc3 b4 13. Ne2 c5 14. dxe5 dxe5 15. Ng3
Qc7 16. Nf5 Nb6 17. Nxe7+ Qxe7 18. a3 bxa3 19. Rxa3 Rd8 20. Qc2 Nfd7 21. Ra5
Bb7 22. Bg5 f6 23. Be3 Rdc8 24. Ba2 Nf8 25. Qb3 Nfd7 26. Nd2 Rab8 27. Qa3 Kh8
28. Rb1 Rc7 29. f3 Bc8 30. Kh2 Bb7 31. b4 cxb4 32. Rxb4 Nc8 33. Qb3 Qd8 34. Ra3
Ne7 35. Qc3 Nc6 36. Rb1 Bc8 37. Rxb8 Ncxb8 38. c5 Nf8 39. Nc4 Be6 40. Qa5 h6
41. Nd6 Bxa2 42. Rxa2 Kh7 43. Rb2 Ne6 44. Qa2 Nd4 45. Bxd4 exd4 46. Qd5 Nc6 47.
f4 a5 48. Rb6 Ne7 49. Qxd4 Ra7 50. e5 fxe5 51. Qe4+ Kg8 52. Qxe5 Qf8 53. Ne4
Kh7 54. c6 Ng6 55. Qd6 a4 56. Rb7 Ra8 57. c7 Rc8 58. Qxf8 Nxf8 59. Nd6 1-0

[Event "BL 1718 SV Hofheim - SV Hockenheim"]
[Site "?"]
[Date "2018.04.30"]
[Round "14.4"]
[White "Margolin, Boris"]
[Black "Saric, Ivan"]
[Result "0-1"]
[WhiteElo "2388"]
[BlackElo "2685"]
[PlyCount "196"]
[EventDate "2018.??.??"]
[EventType "team-tourn"]

1. e4 c5 2. Nf3 Nc6 3. Bb5 Nf6 4. Nc3 Qc7 5. O-O Nd4 6. Re1 a6 7. Bf1 Ng4 8. g3
Nxf3+ 9. Qxf3 Ne5 10. Qg2 e6 11. d3 Be7 12. f4 Ng6 13. a4 b6 14. Be2 h5 15. h4
Bb7 16. Bf3 O-O-O 17. Be3 d6 18. Qf2 Bf6 19. Nd1 d5 20. e5 d4 21. Bd2 Be7 22.
Qg2 Bxf3 23. Qxf3 Qb7 24. Qxb7+ Kxb7 25. Nf2 Kc6 26. Kg2 Kd5 27. Re4 Rhe8 28.
b3 Rd7 29. Re2 Rg8 30. Kf3 Bd8 31. Rd1 Ne7 32. Ne4 Nf5 33. Be1 f6 34. exf6 gxf6
35. Bf2 e5 36. c4+ dxc3 37. Nxc3+ Kc6 38. Re4 Rdg7 39. Ne2 Bc7 40. b4 Nd6 41.
Re3 cxb4 42. fxe5 fxe5 43. Rxe5 Rf7+ 44. Kg2 Rgf8 45. Be1 Nf5 46. Rxf5 Rxf5 47.
Nd4+ Kd5 48. Nxf5 Rxf5 49. Bxb4 Kd4 50. Rc1 Rf7 51. Rc6 Kxd3 52. Be1 Re7 53.
Kf1 Rd7 54. Rc3+ Ke4 55. Bf2 b5 56. Ke2 Be5 57. Rb3 Rb7 58. Rb4+ Kd5 59. axb5
axb5 60. Kd3 Bd6 61. Rd4+ Kc6 62. g4 b4 63. gxh5 b3 64. Rc4+ Kd5 65. Rd4+ Ke6
66. Re4+ Kf5 67. Re1 b2 68. Rb1 Be5 69. Be3 Rb3+ 70. Kd2 Ke4 71. Bg5 Kd5 72.
Kc2 Kc4 73. Re1 Bh8 74. Bd2 Bd4 75. h6 Rh3 76. Re8 Rh2 77. Rc8+ Kd5 78. Rd8+
Kc5 79. Rc8+ Kd5 80. Rd8+ Ke4 81. Rxd4+ Kxd4 82. h7 b1=Q+ 83. Kxb1 Rxh4 84. Kc2
Rxh7 85. Bg5 Rf7 86. Kd2 Rf2+ 87. Ke1 Rg2 88. Bh6 Ke4 89. Kd1 Rg6 90. Bf8 Kd3
91. Kc1 Rg2 92. Bh6 Rc2+ 93. Kb1 Kc3 94. Bf4 Kb3 95. Bb8 Rc8 96. Ba7 Rc7 97.
Be3 Re7 98. Bd2 Rf7 0-1

[Event "BL 1718 SV Hofheim - SV Hockenheim"]
[Site "?"]
[Date "2018.04.30"]
[Round "14.5"]
[White "Buhmann, Rainer"]
[Black "Zude, Arno"]
[Result "1-0"]
[WhiteElo "2585"]
[BlackElo "2372"]
[PlyCount "49"]
[EventDate "2018.??.??"]
[EventType "team-tourn"]

1. e4 e5 2. Nf3 Nc6 3. Bb5 a6 4. Ba4 d6 5. c3 Bd7 6. O-O Nf6 7. Bc2 g6 8. d4
Bg7 9. h3 O-O 10. Be3 Re8 11. Nbd2 exd4 12. cxd4 Nb4 13. Bb3 Bb5 14. Ng5 Re7
15. Nxf7 Rxf7 16. Bxf7+ Kxf7 17. Qb3+ d5 18. Qxb4 Bxf1 19. Rxf1 dxe4 20. Qxb7
Rb8 21. Qxa6 Rxb2 22. Nc4 Rb8 23. Ne5+ Kf8 24. Qc4 Qe8 25. Bd2 1-0

[Event "BL 1718 SV Hofheim - SV Hockenheim"]
[Site "?"]
[Date "2018.04.30"]
[Round "14.6"]
[White "Weber, Ulrich"]
[Black "Baramidze, David"]
[Result "0-1"]
[WhiteElo "2350"]
[BlackElo "2621"]
[PlyCount "68"]
[EventDate "2018.??.??"]
[EventType "team-tourn"]

1. Nf3 c5 2. g3 g6 3. c3 b6 4. Bg2 Bb7 5. O-O Bg7 6. d4 Nf6 7. Qb3 Qc8 8. dxc5
Qxc5 9. Ne5 d5 10. Be3 Qd6 11. Bf4 Qe6 12. Na3 O-O 13. Nb5 Qc8 14. Rac1 a6 15.
Nd4 Nfd7 16. Ndf3 b5 17. Nd3 Nc6 18. Be3 e5 19. Nd2 Qc7 20. Nb4 Nxb4 21. cxb4
Qd6 22. Bc5 Nxc5 23. bxc5 Qc6 24. Rfd1 Rfd8 25. Nb1 Rac8 26. a3 e4 27. Qc2 d4
28. b4 Bh6 29. f4 exf3 30. Bxf3 Qc7 31. c6 Bxc1 32. Rxc1 d3 33. exd3 Bxc6 34.
Bxc6 Rd6 0-1

[Event "BL 1718 SV Hofheim - SV Hockenheim"]
[Site "?"]
[Date "2018.04.30"]
[Round "14.7"]
[White "Braun, Arik"]
[Black "Brendel, Oliver"]
[Result "1-0"]
[WhiteElo "2587"]
[BlackElo "2347"]
[PlyCount "73"]
[EventDate "2018.??.??"]
[EventType "team-tourn"]

1. d4 Nf6 2. c4 g6 3. Nf3 Bg7 4. e3 d6 5. Be2 O-O 6. Nc3 Nbd7 7. O-O e5 8. Qc2
Re8 9. Rd1 c6 10. b4 a6 11. a4 exd4 12. exd4 Nf8 13. h3 Bf5 14. Qb3 Ne4 15. Be3
Ng3 16. Bd3 Qd7 17. Bf4 Bxd3 18. Bxg3 Be4 19. Nxe4 Rxe4 20. Rac1 d5 21. cxd5
Qxd5 22. Qxd5 cxd5 23. Rc7 b5 24. axb5 axb5 25. Rc5 Rd8 26. Bh4 Rb8 27. Rxd5
Ne6 28. Bg3 Rb7 29. Kf1 h6 30. Ne5 h5 31. h4 Kh7 32. Rd6 Bf8 33. Rd7 Rxd7 34.
Nxd7 Bg7 35. d5 Nd8 36. Bc7 Re7 37. Nf6+ 1-0

[Event "BL 1718 SV Hofheim - SV Hockenheim"]
[Site "?"]
[Date "2018.04.30"]
[Round "14.8"]
[White "Burkart, Patrick"]
[Black "Boguslawski, Oleg"]
[Result "1/2-1/2"]
[WhiteElo "2314"]
[BlackElo "2389"]
[PlyCount "41"]
[EventDate "2018.??.??"]
[EventType "team-tourn"]

1. d4 Nf6 2. Nf3 e6 3. c4 Bb4+ 4. Nbd2 O-O 5. e3 b6 6. Bd3 Bb7 7. O-O d5 8. a3
Be7 9. b4 Nbd7 10. Qc2 dxc4 11. Nxc4 c5 12. dxc5 bxc5 13. b5 a6 14. bxa6 Bxa6
15. Rd1 Qc7 16. Bb2 h6 17. Rac1 Rfd8 18. Qc3 Bf8 19. Bb1 Bb7 20. Qc2 Be4 21.
Qe2 1/2-1/2

[Event "BL 1718 SV Hockenheim - Speyer-Schwegen"]
[Site "?"]
[Date "2018.05.01"]
[Round "15.8"]
[White "Boguslawski, Oleg"]
[Black "Mager, Denis"]
[Result "1-0"]
[WhiteElo "2389"]
[BlackElo "2268"]
[PlyCount "121"]
[EventDate "2018.??.??"]
[EventType "team-tourn"]
[WhiteClock "0:01:25"]
[BlackClock "0:48:48"]

1. e4 c5 2. Nf3 d6 3. Bb5+ Nd7 4. c3 a6 5. Ba4 Ngf6 6. Bc2 e5 7. O-O Be7 8. d4
cxd4 9. cxd4 O-O 10. a4 b6 11. Nc3 Bb7 12. Re1 Rc8 13. h3 Qc7 14. Bg5 Rfd8 15.
Rc1 Qb8 16. Qd2 Nf8 17. Nh4 g6 18. d5 N8d7 19. f4 Re8 20. f5 b5 21. Rf1 b4 22.
Ne2 a5 23. Ng3 Ba6 24. Rf3 Qb6+ 25. Be3 Qd8 26. fxg6 hxg6 27. Nhf5 Bf8 28. Bh6
Nh7 29. Bxf8 Rxf8 30. Qh6 Qf6 31. Nxd6 Qg5 32. Qxg5 Nxg5 33. Re3 Rc5 34. Ree1
Rd8 35. h4 Nh7 36. Bb3 Kf8 37. Bc4 Bxc4 38. Rxc4 Ke7 39. Rxc5 Nxc5 40. Nc4 Nxa4
41. Ra1 Rc8 42. b3 Rxc4 43. bxc4 b3 44. Nf1 b2 45. Rb1 Nf6 46. Nd2 Kd6 47. Rf1
Nd7 48. Rxf7 Ndc5 49. g4 Nc3 50. h5 gxh5 51. gxh5 a4 52. h6 Nb3 53. Rb7 Nxd2
54. Rxb2 Nf3+ 55. Kf2 Ng5 56. Rb7 Ncxe4+ 57. Ke3 Nf6 58. Rb6+ Ke7 59. Ra6 a3
60. Kd3 Nf7 61. Re6+ 1-0

[Event "BL 1718 SG Solingen - SF Deizisau"]
[Site "?"]
[Date "2018.05.01"]
[Round "15.8"]
[White "Andersen, Mads"]
[Black "Demuth, Adrien"]
[Result "1/2-1/2"]
[WhiteElo "2597"]
[BlackElo "2542"]
[PlyCount "62"]
[EventDate "2018.??.??"]
[EventType "team-tourn"]

1. c4 c5 2. Nf3 g6 3. d4 cxd4 4. Nxd4 Bg7 5. e4 Nc6 6. Be3 Nf6 7. Nc3 Ng4 8.
Qxg4 Nxd4 9. Qd1 e5 10. Nb5 d6 11. Nxd4 exd4 12. Bxd4 Qa5+ 13. Ke2 Be5 14. f3
f5 15. exf5 Bxf5 16. Kf2 O-O-O 17. Rc1 Kb8 18. Be2 Rhe8 19. Re1 d5 20. Bxe5+
Rxe5 21. Qd4 dxc4 22. Qxc4 Rde8 23. b4 Qb6+ 24. Kf1 Bd7 25. Qf4 g5 26. Qd2 Rxe2
27. Rxe2 Bb5 28. Rce1 h6 29. a4 Bc4 30. a5 Qb5 31. Kf2 Bxe2 1/2-1/2

[Event "BL 1819 MSA Zugzwang - SV Hockenheim"]
[Site "?"]
[Date "2018.11.10"]
[Round "1.2"]
[White "Kindermann, Stefan"]
[Black "Moiseenko, Alexander"]
[Result "1/2-1/2"]
[WhiteElo "2500"]
[BlackElo "2648"]
[PlyCount "39"]
[EventDate "2018.??.??"]

1. d4 Nf6 2. Bg5 d5 3. e3 c5 4. c3 Qb6 5. Qc2 Ne4 6. Bf4 Bf5 7. dxc5 Qxc5 8.
Qb3 Qb6 9. Bxb8 Qxb3 10. axb3 Rxb8 11. Rxa7 e6 12. Bb5+ Kd8 13. Nd2 Bc5 14. Ra1
Nd6 15. Be2 Ke7 16. Ngf3 Ra8 17. O-O h6 18. Nd4 Bh7 19. b4 Bb6 20. N4b3 1/2-1/2